000 01235cam a2200313 i 4500
999 _c9555
_d9555
001 18584527
003 GBCCL
005 20241126110714.0
008 150421s2015 miuab b 001 0 eng
010 _a 2015015871
020 _a9780801049934 (pbk.)
040 _aDLC
_beng
_cDLC
_erda
_dDLC
042 _apcc
050 0 0 _aBR121.3
_b.J328 2015
082 0 0 _a270
_223
_bJAC
100 1 _aJacobsen, Douglas G.
_q(Douglas Gordon),
_d1951-
_916623
245 1 0 _aGlobal gospel :
_ban introduction to Christianity on five continents /
_cDouglas Jacobsen.
264 1 _aGrand Rapids, Michigan :
_bBaker Academic,
_c[2015]
300 _axviii, 249 pages :
_billustrations, maps ;
_c23 cm
336 _atext
_btxt
_2rdacontent
337 _aunmediated
_bn
_2rdamedia
338 _avolume
_bnc
_2rdacarrier
504 _aIncludes bibliographical references and index.
505 0 _aGlobal Christianity: a very brief history -- Four Christian traditions -- Africa -- Latin America -- Europe -- Asia -- North America.
650 0 _aChristianity.
_9479
906 _a7
_bcbc
_corignew
_d1
_eecip
_f20
_gy-gencatlg
942 _2ddc
_cBK
_01